000
00312nam a22001337a 4500
008
180222b xxu||||| |||| 00| 0 eng d
020
_a
9780078600197
041
_a
eng
080
_2
7th
_a
34
100
_a
14
101
_a
JUR
245
_a
Street law a course in practical law
_c
Arbetman,L.P
942
_2
udc
_c
BK
999
_c
43216
_d
43216